Die 10 erfolgreichsten Tennisspieler - Statistiken

Allgemein
  • Dieses Quiz wurde 1.485 mal gespielt
  • Das Durchschnittsergebnis liegt bei 6 aus 10
Antwortstatistiken
Titel Zeitraum Spieler % Korrekt
20 2003-2018 Roger Federer
97%
22 2005-2022 Rafael Nadal
96%
24 2008-2023 Novak Djokovic
93%
8 1992-2003 Andre Agassi
63%
11 1974-1981 Björn Borg
62%
14 1990-2002 Pete Sampras
57%
7 1979-1984 John McEnroe
51%
8 1984-1990 Ivan Lendl
41%
8 1974-1983 Jimmy Connors
27%
7 1982-1988 Mats Wilander
22%
Keine übereinstimmenden Quizze gefunden
Verteilung der Resultate
Anzahl Personen mit jedem Resultat
Perzentil nach korrekt beantworteten Fragen
Ihre Resultats-Entwicklung
Sie haben dieses Quiz noch nicht gespielt